Estrategias y técnicas de estudio: cómo aprender a estudiar estratégicamente

Furkejuvvon:
Bibliográfalaš dieđut
Váldodahkkit: González Cabanach, Ramón (Dahkki), González-Pienda, Julio Antonio (Dahkki), Valle Arias, Antonio (Dahkki)
Eará dahkkit: Rodríguez Martínez, Susana (autora), Núñez Pérez, José Carlos (autor)
Materiálatiipa: Girji
Giella:espánnjágiella
Almmustuhtton: Madrid Pearson Educación 2005
Fáttát:
Fáddágilkorat: Lasit fáddágilkoriid
Eai fáddágilkorat, Lasit vuosttaš fáddágilkora!

MARC

LEADER 00000nam a2200000 a 4500
001 UCI3595
003 CL-VaPUC
008 071116e20050000SP |||||||||||||||||spa|d
020 |a 8420544078 
082 0 4 |a 371.302  |b GON  |2 21 
100 |a González Cabanach, Ramón  |e author  |9 524989 
700 |a González-Pienda, Julio Antonio  |e author  |9 486920 
700 |a Rodríguez Martínez, Susana  |e autora  |9 524991 
700 |a Núñez Pérez, José Carlos  |e autor  |9 470727 
700 0 |a Valle Arias, Antonio  |e author  |9 524993 
245 1 0 |a Estrategias y técnicas de estudio: cómo aprender a estudiar estratégicamente 
300 |a 219 p 
942 |c BK 
945 |d 20071116 00:00:00  |a jtorresc 
260 |a Madrid  |b Pearson Educación  |c 2005 
650 0 |a Métodos de estudio  |9 260518 
650 0 |a Aprendizaje   |9 254827 
650 0 |a Procesos de aprendizaje  |9 309161 
650 0 |a Métodos de aprendizaje  |9 334464 
583 |a last modification  |c 20071116 00:00:00  |k Rodrigo Vera 
999 |c 327739  |d 327737 
952 |0 0  |1 0  |4 0  |6 371_302000000000000_GON_2005  |7 0  |8 A  |9 411132  |a BIBMAT  |b BIBMAT  |c E_DIDACT  |d 2019-11-22  |i 4389840  |o 371.302 GON 2005  |p 4389840  |r 2025-01-07  |w 2019-11-22  |y BK  |k MAT 
952 |0 0  |1 0  |4 0  |6 371_302000000000000_GON_2005  |7 0  |8 A  |9 411133  |a BIBMAT  |b BIBMAT  |c E_DIDACT  |d 2019-11-22  |i 4389859  |o 371.302 GON 2005  |p 4389859  |r 2025-01-07  |w 2019-11-22  |y BK  |k MAT